000 01096cam a22002771 4500
001 13024
003 BD-RjUL
005 20211208235407.0
008 140130s19711962enka b 000 0 eng
035 _a(BD-RjUL)13074
040 _aDLC
_cDLC
_dDLC
_beng
041 _aeng
082 _a621.3084
_bSAE 1971
100 1 _aSay, M. G.
_q(Maurice George),
_d1902-
_940586
245 1 0 _aElectrical engineering design manual /
_c[by] M. G. Say.
250 _a3d ed :
260 _aLondon,
_bChapman and Hall,
_c1962[Reprinting1971]
300 _axiv, 318 p. :
_billus. ;
_c20 cm.
500 _aRevision of Electrical engineering design--manual, by S. P. Smith and M. G. Say, which was first published in 1934 under title: Electrical engineering design--class manual. Includes bibliographies.
650 0 _aElectric machinery
_xDesign and construction.
_938739
650 0 _aElectric motors
_xDesign and construction.
_940587
700 1 _aSmith, Stanley Parker,
_d1884-
_tElectrical engineering design--class manual.
_940588
942 _2ddc
_cBK
999 _c13024
_d13024